000 02508nam a2200445 i 4500
001 000008747
003 DO-SdBNP
005 20260317105303.0
007 ta
008 090918s1985 dr r 000 0 spa d
020 _a9290680032
040 _aDO-SdBNP
_bspa
_cBNPHU
_erda
041 _aspa
082 4 _a331.6097293
_bL925m 1992
_222
100 1 _aLozano, Wilfredo,
_d1950-
_eautor
_4aut.
_97126
245 1 0 _aMigración internacional y economíca cafetalera /
_cWilfredo Lozano ; Franc Báez Evertsz.
250 _asegunda edición
264 1 _aSanto Domingo, República Dominicana :
_bCEPAE,
_c1992.
300 _a254 páginas :
_bilustraciones ;
_c21 cm.
336 _atexto
_btxt
_2rdacontent
337 _asin mediación
_bn
_2rdamedia
338 _avolumen
_bnc
_2rdacarrier
500 _aIncluye datos biográficos de los autores en la contracubierta
500 _aIncluye índice de cuadros (paginas 241-247), índice de mapas (249-250), índice diagramas (página 251) e índice de gráficos (página253)
500 _aEstudio sobre la migración estacional de trabajadores haitianos a la cosecha cafetalera en la República Dominicana
500 _aLa biblioteca posee la reimpresión del 2023 de la 2a. edición de 1992
504 _aBibliografía: páginas 225-235
505 2 _aPrefacio a la segunda edición -- Introducción -- Características de la economiá cafetalera Dominicana -- La migración estacional a la economiá cafetalera -- Migraciones estacionales y mercado de trabajo cafetalero -- Modalidades del reclutamiento y organización del trabajo en la cosecha cafetalera -- División del trabajo, productividad y salarios -- El impacto de la migración Haitiana en la economiá cafetalera y en la agricultura dominicana -- Apéndice metodológico -- Bibliografiá
650 4 _aAgricultura
_xAspectos económicos
_zRepública Dominicana
_91508
650 4 _aTrabajadores del café
_zRepública Dominicana
_985780
650 4 _aTrabajadores extranjeros, haitianos
_zRepública Dominicana
_985781
650 4 _aTrabajadores agrícolas
_zRepública Dominicana
_98414
650 7 _aMercado de trabajo
_zRepública Dominicana
_2LIBRUNAM
_919058
650 4 _aHaitianos en República Dominicana
_923280
651 4 _aRepública Dominicana
_xEmigración e Inmigración
_9290
651 4 _aHaíti
_xEmigració e inmigración
_923281
700 1 _aBáez Evertsz, Franc,
_d 1948-2016
_eautor
_4aut.
_955030
910 _aValidado. Control de calidad MFF
942 _2ddc
_cLBS1
999 _c8517
_d8517